Представление документа в формате MARC21

ПолеНазваниеЗначение
  Тип записи a
  Библиографический уровень m
001 Контрольный номер RU/URAIT/590524
005 Дата корректировки 20260429163604.5
008 Кодируемые данные 260429s2026 RU y f j 000 0 rus u
020 Индекс ISBN __
a ISBN 978-5-534-18848-6
c Цена, тираж 519.00
040 Источник каталогиз. __
a Служба первич. каталог. ИКО Юрайт
c Служба, преобразующая запись ИКО Юрайт
e Правила каталог. RCR
041 Код языка издания __
a Код языка текста rus
044 Код страны публикации __
a Код страны публикации RU
080 Индекс УДК __
a Индекс УДК 637(075.8)
084 Индекс другой классификации/Индекс ББК __
2 Источник индекса rubbk
a Индекс другой классификации/Индекс ББК 36.95я73
100 Автор __
a Автор Плохотнюк Л.
q Полное имя Плохотнюк Леонид
245 Заглавие __
a Заглавие Молочные продукты в рациональном питании
b Продолж. заглавия учебник для спо
c Ответственность Л. Н. Плохотнюк [и др.].
250 Сведения об издании __
g пер. и доп
a Основные сведения об издании 2-е изд.
256 Характеристики компьютерного файла __
a Характеристики компьютерного файла Электрон. дан.
260 Выходные данные __
a Место издания Москва
b Издательство Юрайт
c Дата издания 2026
300 Физическое описание __
a Объем 112 с
440 Серия __
a Серия Профессиональное образование
500 Примечания __
a Примечание URL: https://urait.ru/bcode/590524 (дата обращения: 29.04.2026).
520 Аннотация __
a Аннотация Данные этой работы предназначены для использования их в учебном процессе образовательных учреждений среднего профессионального образования, при планировании питания в санаториях и домах отдыха, лечебных учреждениях, а также в повседневной деятельности человека. В работе разъясняется порядок расположения продуктов питания в зависимости от уровня содержания в них питательных и минеральных веществ, а также витаминов и энергетической ценности с целью использования их в соответствии с принципами рационального питания.
538 Прим. о системных особенностях __
a Прим. о системных особенностях Режим доступа: Электронно-библиотечная система Юрайт, для авториз. пользователей
653 Ключевые слова __
a Ключевые слова Пищевая промышленность и общественное питание
653 Ключевые слова __
a Ключевые слова Технические науки
653 Ключевые слова __
a Ключевые слова Физиология питания
653 Ключевые слова __
a Ключевые слова Основы рационального питания
653 Ключевые слова __
a Ключевые слова Рациональное питание
653 Ключевые слова __
a Ключевые слова Национальные молочные продукты
700 Другие авторы __
a Другие авторы Пасечников А. С.
q Полное имя Пасечников Александр Станиславович
700 Другие авторы __
a Другие авторы Пасечникова Т. А.
q Полное имя Пасечникова Татьяна Александровна
700 Другие авторы __
a Другие авторы Пахарев А. В.
q Полное имя Пахарев Андрей Владимирович
700 Другие авторы __
a Другие авторы Пахарев П. В.
q Полное имя Пахарев Павел Владимирович
856 Электронный адрес документа 40
n Местонахождение сервера Юрайт
g Электронная книга
q Тип электронного формата html
h Имя пользователя ЮРАЙТ
v Часы доступа к ресурсу 20271231
2 Способ доступа Показать документ
x Служебное примечание https://urait.ru/book/cover/19270602-CD8A-4D5E-B716-B6E7C9F80244
u URL https://urait.ru/bcode/590524
856 Электронный адрес документа 48
q Тип электронного формата cover
u URL https://urait.ru/book/cover/19270602-CD8A-4D5E-B716-B6E7C9F80244
911 __
u 0030=https://urait.ru/bcode/590524
911 __
u 073a=9785534188486
u 073d=519.00
911 __
u 106a=s
911 __
u 900l=
952 Тип литературы __
i Дисциплина Физиология питания
952 Тип литературы __
i Дисциплина Основы рационального питания
952 Тип литературы __
i Дисциплина Рациональное питание
952 Тип литературы __
i Дисциплина Национальные молочные продукты